Model systému manažérstva kvality výučby

Stanovenie indikátorov sledovaia kvality vzdelávania. Modely kvality. Učiteľ ako manažér kvality v systéme výučby. Kurz manažérstva kvality.

Uložené v:
Podrobná bibliografia
Hlavný autor: Blaško, Michal
Médium: Kapitola
Predmet:
Tagy: Pridať tag
Žiadne tagy, Buďte prvý, kto otaguje tento záznam!

MARC

LEADER 00000naa a2200000 4500
001 0179050
005 20231127102823.9
044 |a SK 
245 1 0 |a Model systému manažérstva kvality výučby  |c Michal Blaško 
520 |a Stanovenie indikátorov sledovaia kvality vzdelávania. Modely kvality. Učiteľ ako manažér kvality v systéme výučby. Kurz manažérstva kvality. 
610 2 0 |a modely riadenia 
610 2 0 |a politika vzdelávania 
610 2 0 |a riadenie kvality 
610 2 0 |a kvalita vzdelávania 
100 1 |a Blaško, Michal